000 00546nam a2200193 a 4500
001 1770453313455
003 YourLibrary
005 20260207140846.0
008 260207s1997##################000#0#eng##
020 _a9780815329220
082 0 4 _a332.6
_bERD
100 1 _aErdal, Bahar,
_eauthor.
245 1 0 _aThe Effects of Real Exchange Rate Volatility on Sectoral Investment :
260 _bTaylor & Francis,
_c1997.
300 _a180 pages
650 0 _aBusiness & Economics.
942 _cENGLISH
040 _aYourLibrary
_beng
_cYourLibrary
999 _c611100
_d611100